Statistiques concernant Pokémon commençant par M

Cliquez ici pour prendre le quiz!

Statistiques générales

  • Ce quiz a été pris 2 326 fois
    (168 depuis la dernière actualisation)
  • Le résultat moyen est 54 sur 107

Statistiques - réponses

Réponse% Correct
240Magby
86%
126Magmar
86%
467Maganon
83%
066Machoc
80%
067Machopeur
80%
068Mackogneur
80%
151Mew
79%
150Mewtwo
78%
153Macronium
76%
473Mammochon
76%
173Mélo
76%
036Mélodelfe
76%
035Mélofée
76%
154Méganium
75%
129Magicarpe
71%
220Marcacrin
67%
043Mystherbe
67%
052Miaouss
64%
168Migalos
64%
081Magnéti
63%
082Magnéton
63%
167Mimigal
63%
479Motisma
63%
462Magnézone
62%
350Milobellus
62%
122M. Mime
62%
429Magirêve
61%
490Manaphy
59%
501Moustillon
59%
418Mustébouée
59%
419Mustéflott
59%
228Malosse
58%
253Massko
58%
048Mimitoss
58%
303Mysdibule
58%
439Mime Jr.
57%
147Minidraco
57%
183Marill
55%
376Métalosse
55%
132Métamorph
55%
478Momartik
55%
801Magearna
54%
594Mamanbo
54%
502Mateloutre
53%
307Méditikka
53%
648Meloetta
53%
196Mentali
53%
831Moumouton
53%
375Métang
51%
505Miradar
51%
497Majaspic
50%
517Munna
50%
778Mimiqui
49%
518Mushana
49%
296Makuhita
47%
195Maraiste
47%
650Marisson
47%
261Medhyèna
47%
809Melmetal
47%
435Moufflair
47%
804Mandrillon
46%
734Manglouton
46%
542Manternel
46%
402Mélokrik
46%
832Moumouflon
46%
292Munja
46%
596Mygavolt
46%
758Malamandre
45%
808Meltan
45%
335Mangriff
43%
508Mastouffe
42%
726Matoufeu
42%
434Moufouette
42%
802Marshadow
41%
908Miascarade
41%
704Mucuscule
41%
556Maracachi
39%
866M. Glaquette
39%
289Monaflèmit
39%
351Morphéo
39%
706Muplodocus
39%
438Manzaï
37%
284Maskadra
37%
575Mesmérella
37%
1008Miraidon
37%
794Mouscoto
37%
593Moyade
36%
578Méios
34%
568Miamiasme
34%
569Miasmax
34%
877Morpeko
34%
608Mélancolux
33%
821Minisange
33%
565Mégapagos
32%
753Mimantis
32%
839Monthracite
32%
313Muciole
32%
551Mascaïman
30%
907Matourgeon
30%
530Minotaupe
30%
999Mordudor
29%
937Malvalame
28%
679Monorpale
28%
774Météno
26%
678Mistigrix
26%
994Mite-de-Fer
24%
967Motorizard
21%

Distribution des résultats

Percentile par nombre de réponses

% des personnes avec chaque résultat

Votre développement - résultats

Vous n’avez pas pris ce quiz depuis la dernière actualisation